MARC

LEADER 00000nam2a2200000 4500
001 21037
005 20231101205410.0
035 |a (RuTPU)RU\TPU\book\21232 
035 |a BOOK00021302 
090 |a 21037 
100 |a 20011209d1961 km y0rusy50 ca 
101 0 |a rus 
102 |a RU 
105 |a a z 000zd 
200 0 |a Т. 7 : Живопись второй половины XVIII века 
210 |d 1961 
215 |a 510 с.  |c ил. 
461 1 |0 (RuTPU)RU\TPU\book\67483  |t История русского искусства  |o В 12 т.  |f под ред. И. Э. Грабаря  |v Т. 7 : Живопись второй половины XVIII века  |d 1953-1964 
600 1 |a Рокотов  |g Федор Степанович  |b Ф. С.  |c российский живописец  |f 1735-1808  |2 stltpui  |3 (RuTPU)RU\TPU\pers\569 
600 1 |a Левицкий  |g Дмитрий Григорьевич  |b Д. Г.  |c российский живописец  |f около 1735-1822  |2 stltpui  |3 (RuTPU)RU\TPU\pers\571 
600 1 |a Боровиковский  |g Владимир Лукич  |b В. Л.  |c русский живописец  |f 1757-1825  |2 stltpui  |3 (RuTPU)RU\TPU\pers\1395 
600 1 |a Щукин  |b С. С.  |c русский живописец-портретист  |f 1758-1828  |g Степан Семенович  |2 stltpush  |3 (RuTPU)RU\TPU\pers\13320  |9 3975 
606 1 |a Искусство  |x История  |2 stltpush  |3 (RuTPU)RU\TPU\subj\13188  |9 39839 
610 1 |a искусство 
610 1 |a история 
610 1 |a изобразительное искусство 
610 1 |a русское искусство 
610 1 |a живопись 
610 1 |a рисунки 
610 1 |a гравюры 
610 1 |a прикладное искусство 
610 1 |a народное искусство 
610 1 |a 18 век 
675 |a 7.03  |v 3 
801 0 |a RU  |b 63413507  |c 20011209  |g PSBO 
801 2 |a RU  |b 63413507  |c 20221103  |g PSBO 
942 |c BK